000 00327 a2200145 4500
001 161521
020 _a
040 _cMagnum
100 _aSociedade Biblica do Brasil
240 1 0 _aA biblia na linguagem de hoje
_lpor
245 1 0 _aA biblia na linguagem de hoje
362 0 _a1899
697 _aCRISTIANISMO
942 _cBK
999 _c161521
_d161521